000 02110nam a2200577 i 4500
001 54811
003 KOSZ 005
005 20230317124701.0
008 230314s2007 pl a f 001 0 pol
015 _aUWD 2007/24224
020 _a9788320432688
035 _a991037415709705066
035 _a(PL-WaBN)b20034246-48omnis_nlop
035 _ab20034246
035 _a(OCoLC)749312543
035 _a(PL)b0000002003424
035 _a(EXLNZ-48OMNIS_NETWORK)9910160637005606
040 _aWA N
_cWA N
_dKOSZ 005/HR
_dKOSZ 005/RW
041 1 _apol
_heng
046 _k2007
080 _a004.31
080 _a004.33
080 _a004.35
080 _a(075.8)
100 1 _aMano, M. Morris
_d(1927- )
_eAutor
245 1 0 _aPodstawy projektowania układów logicznych i komputerów /
_cM. Morris Mano, Charles R. Kime ; z języka angielskiego przełożył Andrzej Pułka.
246 1 _iTytuł oryginału:
_aLogic and computer design fundamentals,
_f1997
250 _aWydanie I
260 _aWarszawa :
_bWydawnictwa Naukowo-Techniczne,
_c2007.
300 _aXXIII, [1], 752 strony :
_bilustracje ;
_c25 cm.
336 _aTekst
_btxt
_2rdacontent
337 _aBez urządzenia pośredniczącego
_bn
_2rdamedia
338 _aWolumin
_bnc
_2rdacarrier
380 _aKsiążki
380 _aPublikacje dydaktyczne
385 _mPoziom nauczania
_aSzkoły wyższe
388 1 _a2001-
504 _aBibliografia przy rozdziałach. Indeks.
521 8 _aPodręcznik dla studentów elektroniki, telekomunikacji i informatyki.
650 7 _aProjektowanie
650 7 _aSystemy informatyczne
_2DBN
650 7 _aUkład logiczny
_2DBN
655 7 _aPodręczniki akademickie
_2DBN
658 _aInformatyka i technologie informacyjne
700 1 _aKim, Charles R.
_eAutor
700 1 _aPułka, Andrzej Kazimierz
_eTłumaczenie
710 2 _aWydawnictwa Naukowo-Techniczne
_4pbl
856 _uhttp://koha.tu.koszalin.pl/cgi-bin/koha/opac-detail.pl?biblionumber=54811
_yKatalog online BPK
942 _2UKD
_cKS
999 _c54811
_d54811